Ethical Management for the Public Services (Record no. 1901)
[ view plain ]
| 000 -LEADER | |
|---|---|
| fixed length control field | 00355nam a22001337a 4500 |
| 008 - FIXED-LENGTH DATA ELEMENTS--GENERAL INFORMATION | |
| fixed length control field | 250108b |||||||| |||| 00| 0 eng d |
| 020 ## - INTERNATIONAL STANDARD BOOK NUMBER | |
| ISBN | 0335199194 |
| 100 ## - MAIN ENTRY--AUTHOR | |
| Author | LAWTON, Alan |
| 245 ## - TITLE STATEMENT | |
| Title | Ethical Management for the Public Services |
| 260 ## - PUBLICATION, DISTRIBUTION, ETC. (IMPRINT) | |
| Place of publication | Philadelphia |
| Name of publisher | Open University Press |
| Date of publication | 1998 |
| 300 ## - COLLATION | |
| Pagination | xiii, 167p. |
| 942 ## - ADDED ENTRY ELEMENTS (KOHA) | |
| Item type | Books |
| 050 ## - LIBRARY OF CONGRESS CALL NUMBER | |
| Classification number | HD2763 |
| Item number | .L39 |
| Source of classification or shelving scheme | Not for loan | Permanent location | Current location | Date acquired | Accession No. | Full call number | Barcode. | Koha item type |
|---|---|---|---|---|---|---|---|---|
| Library of Congress Classification | Samuel Ogbemudia Main Library, University of Abuja | Samuel Ogbemudia Main Library, University of Abuja | 01/08/2025 | 2004/26980 | HD2763.L39 | 2025-0037 | Books |